000
00330nam a2200145Ia 4500
005
20240806151148.0
008
240126s9999 xx 000 0 und d
022
_a
0256-4602
082
_a
Central Library
100
_a
A K Saini
245
0
_a
IETE Technical Review
260
_b
IETE
_a
New Delhi
942
_c
JN
942
_s
1
999
_c
244007
_d
244007